Malaysia kita : (Record no. 191)
[ view plain ]
| 000 -LEADER | |
|---|---|
| fixed length control field | nam a22 a 4500 |
| 003 - CONTROL NUMBER IDENTIFIER | |
| control field | AKMAL |
| 005 - DATE AND TIME OF LATEST TRANSACTION | |
| control field | 20170425152026.0 |
| 008 - FIXED-LENGTH DATA ELEMENTS--GENERAL INFORMATION | |
| fixed length control field | 170425s2008 my ab e | 000 0 may d |
| 020 ## - INTERNATIONAL STANDARD BOOK NUMBER | |
| International Standard Book Number | 9789678917445 (kkt.) : |
| Terms of availability | RM37.50 |
| 040 ## - CATALOGING SOURCE | |
| Original cataloging agency | AKMAL |
| 082 ## - DEWEY DECIMAL CLASSIFICATION NUMBER | |
| Classification number | 959.5 MAL |
| Edition number | 22 |
| 090 ## - LOCALLY ASSIGNED LC-TYPE CALL NUMBER (OCLC); LOCAL CALL NUMBER (RLIN) | |
| Classification number (OCLC) (R) ; Classification number, CALL (RLIN) (NR) | 959.5 |
| Local cutter number (OCLC) ; Book number/undivided call number, CALL (RLIN) | MAL |
| 245 00 - TITLE STATEMENT | |
| Title | Malaysia kita : |
| Remainder of title | panduan dan rujukan untuk peperiksaan am kerajaan |
| 260 ## - PUBLICATION, DISTRIBUTION, ETC. | |
| Place of publication, distribution, etc. | Petaling Jaya : |
| Name of publisher, distributor, etc. | International Law Book Services, |
| Date of publication, distribution, etc. | 2008 |
| 300 ## - PHYSICAL DESCRIPTION | |
| Extent | 556ms. : |
| Other physical details | il., peta ; |
| Dimensions | 23cm. |
| 504 ## - BIBLIOGRAPHY, ETC. NOTE | |
| Bibliography, etc. note | Bibliografi : ms. 599 |
| 651 #0 - SUBJECT ADDED ENTRY--GEOGRAPHIC NAME | |
| Geographic name | Malaysia |
| General subdivision | Politics and government |
| 9 (RLIN) | 44 |
| 651 #0 - SUBJECT ADDED ENTRY--GEOGRAPHIC NAME | |
| Geographic name | Malaysia |
| General subdivision | Economic conditions |
| 9 (RLIN) | 63 |
| 651 #0 - SUBJECT ADDED ENTRY--GEOGRAPHIC NAME | |
| Geographic name | Malaysia |
| General subdivision | Social conditions |
| 9 (RLIN) | 45 |
| 651 #0 - SUBJECT ADDED ENTRY--GEOGRAPHIC NAME | |
| Geographic name | Malaysia |
| General subdivision | Public administration |
| 9 (RLIN) | 433 |
| 651 #0 - SUBJECT ADDED ENTRY--GEOGRAPHIC NAME | |
| Geographic name | Malaysia |
| General subdivision | History |
| 9 (RLIN) | 434 |
| 942 ## - ADDED ENTRY ELEMENTS (KOHA) | |
| Source of classification or shelving scheme | |
| Koha item type | Book |
| 950 ## - LOCAL HOLDINGS (RLIN) | |
| Permanent shelving location, LOC (RLIN) | AKMAL |
| Withdrawn status | Lost status | Source of classification or shelving scheme | Damaged status | Not for loan | Collection code | Home library | Current library | Shelving location | Date acquired | Inventory number | Total Checkouts | Full call number | Barcode | Date last seen | Price effective from | Koha item type |
|---|---|---|---|---|---|---|---|---|---|---|---|---|---|---|---|---|
| NON-FICTION | AKMAL Melaka | AKMAL Melaka | PINJAMAN | 25.04.2017 | 900500 | 959.5 MAL | 201700424 | 25.04.2017 | 25.04.2017 | Book | ||||||
| NON-FICTION | AKMAL Melaka | AKMAL Melaka | PINJAMAN | 25.04.2017 | 900501 | 959.5 MAL | 201700414 | 25.04.2017 | 25.04.2017 | Book | ||||||
| NON-FICTION | AKMAL Melaka | AKMAL Melaka | PINJAMAN | 25.04.2017 | 900502 | 959.5 MAL | 201700417 | 25.04.2017 | 25.04.2017 | Book | ||||||
| NON-FICTION | AKMAL Melaka | AKMAL Melaka | PINJAMAN | 25.04.2017 | 900503 | 959.5 MAL | 201700422 | 25.04.2017 | 25.04.2017 | Book | ||||||
| NON-FICTION | AKMAL Melaka | AKMAL Melaka | PINJAMAN | 25.04.2017 | 900504 | 959.5 MAL | 201700406 | 25.04.2017 | 25.04.2017 | Book | ||||||
| NON-FICTION | AKMAL Melaka | AKMAL Melaka | PINJAMAN | 25.04.2017 | 900506 | 959.5 MAL | 201700415 | 25.04.2017 | 25.04.2017 | Book | ||||||
| NON-FICTION | AKMAL Melaka | AKMAL Melaka | PINJAMAN | 25.04.2017 | 900507 | 959.5 MAL | 201700409 | 25.04.2017 | 25.04.2017 | Book | ||||||
| NON-FICTION | AKMAL Melaka | AKMAL Melaka | PINJAMAN | 25.04.2017 | 900508 | 959.5 MAL | 201700418 | 25.04.2017 | 25.04.2017 | Book | ||||||
| NON-FICTION | AKMAL Melaka | AKMAL Melaka | PINJAMAN | 25.04.2017 | 900509 | 959.5 MAL | 201700410 | 25.04.2017 | 25.04.2017 | Book | ||||||
| NON-FICTION | AKMAL Melaka | AKMAL Melaka | PINJAMAN | 25.04.2017 | 900510 | 959.5 MAL | 201700412 | 25.04.2017 | 25.04.2017 | Book | ||||||
| NON-FICTION | AKMAL Melaka | AKMAL Melaka | PINJAMAN | 25.04.2017 | 900511 | 959.5 MAL | 201700421 | 25.04.2017 | 25.04.2017 | Book | ||||||
| NON-FICTION | AKMAL Melaka | AKMAL Melaka | PINJAMAN | 25.04.2017 | 900512 | 959.5 MAL | 201700407 | 25.04.2017 | 25.04.2017 | Book | ||||||
| NON-FICTION | AKMAL Melaka | AKMAL Melaka | PINJAMAN | 25.04.2017 | 900513 | 959.5 MAL | 201700425 | 25.04.2017 | 25.04.2017 | Book | ||||||
| NON-FICTION | AKMAL Melaka | AKMAL Melaka | PINJAMAN | 25.04.2017 | 900514 | 959.5 MAL | 201700413 | 25.04.2017 | 25.04.2017 | Book | ||||||
| NON-FICTION | AKMAL Melaka | AKMAL Melaka | PINJAMAN | 25.04.2017 | 900515 | 959.5 MAL | 201700419 | 25.04.2017 | 25.04.2017 | Book | ||||||
| NON-FICTION | AKMAL Melaka | AKMAL Melaka | PINJAMAN | 25.04.2017 | 900538 | 959.5 MAL | 201700416 | 25.04.2017 | 25.04.2017 | Book | ||||||
| NON-FICTION | AKMAL Melaka | AKMAL Melaka | PINJAMAN | 25.04.2017 | 900539 | 959.5 MAL | 201700408 | 25.04.2017 | 25.04.2017 | Book | ||||||
| NON-FICTION | AKMAL Melaka | AKMAL Melaka | PINJAMAN | 25.04.2017 | 900540 | 959.5 MAL | 201700423 | 25.04.2017 | 25.04.2017 | Book | ||||||
| NON-FICTION | AKMAL Melaka | AKMAL Melaka | PINJAMAN | 25.04.2017 | 900541 | 959.5 MAL | 201700405 | 25.04.2017 | 25.04.2017 | Book | ||||||
| NON-FICTION | AKMAL Melaka | AKMAL Melaka | PINJAMAN | 25.04.2017 | 900542 | 959.5 MAL | 201700420 | 25.04.2017 | 25.04.2017 | Book | ||||||
| NON-FICTION | AKMAL Melaka | AKMAL Melaka | PINJAMAN | 25.04.2017 | 900543 | 959.5 MAL | 201700411 | 25.04.2017 | 25.04.2017 | Book |
